| 000 | 00682nam a2200205Ia 4500 | ||
|---|---|---|---|
| 003 | GCL | ||
| 008 | 140319s9999 xx 000 0 ara d | ||
| 040 |
_aGCL / _cGCL |
||
| 082 | 0 | 4 |
_a940.2 _bع ت |
| 100 | 1 | _aعبدالحميد البطريق | |
| 245 | 1 | 0 |
_aالتاريخ الاوروبى الحديث : _bمن عصر النهضة الى اواخر القرن 18 / _cعبدالحميد البطريق |
| 700 | 1 | _aعبدالعزيز نوار | |
| 260 |
_aالقاهرة : _bدار الفكر العربى ، _c1995 |
||
| 300 |
_a286 ص ؛ _c24 سم |
||
| 490 | _a | ||
| 650 | 0 | 4 | _aالعصر الحديث |
| 650 | 0 | 4 | _aتاريخ |
| 650 | 0 | 4 | _aاوربا |
| 942 |
_2ddc _cBK |
||
| 999 |
_c31668 _d31668 |
||